Riaditeľa VSG Petra Markoviča vie rozzúriť ľahostajnosť, arogancia a nekolegionálnosť

Bibliographic Details
Main Author: Tomáschová, Andrea (Author)
Corporate Author: Východoslovenská galéria (Košice, Slovensko) (Author)
Format: Article
Language:Slovak
PhysicalDescription:1 foto
ISSN:1335-4566
Subjects:

MARC

LEADER 00000nab a2200000 a 4500
001 vtls000932705
003 SK-MaSNL
005 20260305014035.0
008 040720e20031108xo 0 slo
035 |a KE41582 
040 |a KEVKJB  |b slo  |c KEVKJB  |e AACR2 
041 0 |a slo 
044 |a xo  |c SK 
080 |a 069  |2 1981 
080 |a 73/76  |2 1981 
080 |a 929  |2 1981 
100 1 |a Tomáschová, Andrea  |4 aut  |9 878366 
245 1 0 |a Riaditeľa VSG Petra Markoviča vie rozzúriť ľahostajnosť, arogancia a nekolegionálnosť 
300 |b 1 foto 
590 |a Markovič, Peter  |b nový riaditeľ 
600 1 7 |a Markovič, Peter  |2 KEVKJB  |9 9551 
610 2 7 |a Východoslovenská galéria (Košice, Slovensko)  |2 KEVKJB  |9 29814 
610 2 7 |a Galéria Júliusa Jakobyho (Košice, Slovensko)   |2 KEVKJB  |9 29565 
650 0 7 |a profily  |2 KEVKJB  |9 28648 
651 7 |a Košice (Slovensko)  |2 KEVKJB  |9 18694 
651 7 |a KE,  |2 KEVKJB  |9 877256 
655 7 |a periodikum  |2 snkbucl  |9 29553 
710 2 |a Východoslovenská galéria (Košice, Slovensko)  |4 aut  |9 29814 
773 0 8 |t Košický denník Korzár  |g Roč. 6, č.257, 8.11.2003, s. 3  |x 1335-4566 
852 |a ZVYKNI  |b KIS3GCP 
999 |c 3267331  |d 3269261